La ideología soviética

Salvato in:
Dettagli Bibliografici
Autori principali: Wetter, Gustav Andre (Autore), Leonhard, W (Autore)
Natura: Libro
Lingua:spagnolo
Pubblicazione: Barcelona Herder 1964
Serie:Biblioteca Herder. Sección de Filosofía y Teología, 60
Soggetti:
Tags: Aggiungi Tag
Nessun Tag, puoi essere il primo ad aggiungerne!!

MARC

LEADER 00000nam a2200000 a 4500
001 UCU9392
003 CL-VaPUC
008 960816e19640000SP |||||||||||||||||spa|d
082 0 4 |a 335.411  |b WET  |2 21 
100 0 |a Wetter, Gustav Andre  |e author  |9 368451 
700 0 |a Leonhard, W  |e author  |9 368452 
245 1 3 |a La ideología soviética 
300 |a 676 p 
942 |c BK 
945 |d 19960816 00:00:00  |a rleighto 
260 |a Barcelona  |b Herder  |c 1964 
600 0 |a Engels, Friedrich,  |d 1820-1895  |9 337012 
600 0 |a Lenin, Vladimir Ilich  |d 1870-1924  |9 319799 
600 0 |a Marx, Karl Heinrich,  |d 1818-1883  |9 861123 
650 0 |a Materialismo  |9 265687 
650 7 |a MARXISMO  |2 CL-VaPUC  |9 368453 
650 0 |a Idealismo  |9 265685 
650 0 |a Filosofía   |9 223554 
650 0 |a Ciencias Políticas  |9 255201 
650 0 |a Arte  |9 265238 
650 0 |a Moral  |9 265913 
650 0 |a Religión   |9 255164 
650 0 |a Economía política  |9 255814 
650 0 |a Capitalismo  |9 255255 
650 0 |a Doctrinas políticas  |9 255835 
650 0 |a Guerra  |9 255876 
650 0 |a Paz  |9 259242 
650 0 |a Comunismo  |9 255588 
650 0 |a Socialismo  |9 255260 
651 0 |a Unión Soviética  |9 256769 
583 |a last modification  |c 20160616 09:53:49  |k Rodrigo Vera 
490 0 |a Biblioteca Herder. Sección de Filosofía y Teología, 60 
999 |c 251143  |d 251141 
952 |0 0  |1 0  |4 0  |6 335_411000000000000_WET_1964  |7 0  |8 DER_TF  |9 270120  |a BIBDER  |b BIBDER  |d 2019-11-19  |i 3219968  |o 335.411 WET 1964  |p 3219968  |r 2023-01-25  |w 2019-11-19  |x Ubicación 4to Piso  |y BK  |z Estos recursos deben solicitarse con anticipación  |k DER